000 00786nam a2200241Ia 4500
003 OSt
005 20220927105444.0
006 a|||||r|||| 00| 0
007 ta
008 220926b |||||||| |||| 00| 0 eng d
024 _a156915
037 _cReference Collections
040 _aRTL
_cRTL
_beng
041 _2eng
_aeng
082 _a"X9(J).677.N5, J5"
110 _a"INDIA, FOOD & AGRICULTURE (Ministry of-)"
_9372663
245 0 _aReport of the minister for food and agriculture on his visit to Egypt
260 _aNew
_bDelhi Ministry of Food & Agriculture
_c1955
300 _a"v, 49p"
_ccm.
700 _a"INDIA, FOOD & AGRICULTURE (Ministry of-)"
_9372664
942 _h"X9(J).677.N5, J5"
_cCC
999 _c692650
_d692650